|
|
|
|
| LEADER |
01041nam a2200229 u 4500 |
| 001 |
10021477 |
| 003 |
GR-PaULI |
| 005 |
20221209090040.0 |
| 008 |
990422s1966 gr gre |
| 952 |
|
|
|0 0
|1 0
|2 ddc
|4 0
|6 949_500000000000000_ΒΑΚ
|7 0
|9 366407
|a LISP
|b LISP
|c DON
|d 2022-12-09
|e ΠΑΤ
|i 147526
|l 0
|o 949.5 ΒΑΚ
|p 025000274415
|r 2022-12-09 00:00:00
|t 1
|w 2022-12-09
|y BKN
|
| 999 |
|
|
|c 214081
|d 214081
|
| 040 |
|
|
|a GR-PaULI
|c GR-PaULI
|b gre
|e AACR2
|
| 082 |
0 |
4 |
|a 949.5
|2 23
|
| 100 |
1 |
|
|9 27878
|a Βακαλόπουλος, Απόστολος Ε.,
|d 1909-2000
|4
|e συγγραφέας.
|
| 245 |
1 |
2 |
|a Η πορεία του γένους :
|b από το Βυζάντιο στον νέο ελληνισμό /
|c Απόστ. Ε. Βακαλόπουλου.
|
| 260 |
|
|
|a Αθήνα :
|b Οι Εκδόσεις των Φίλων,
|c 1966.
|
| 300 |
|
|
|a 89 σ. ;
|c 18 εκ.
|
| 490 |
1 |
|
|a Νέος Ελληνισμός
|
| 651 |
|
4 |
|a Ελλάδα
|x Ιστορία.
|9 7420
|
| 830 |
|
0 |
|9 194748
|a Νέος ελληνισμός
|
| 942 |
|
|
|2 ddc
|c BK
|
| 998 |
|
|
|c ΜΠΟΥΡΑΣ
|d 2022-12
|